Ocio o Placer?

সংরক্ষণ করুন:
গ্রন্থ-পঞ্জীর বিবরন
প্রধান লেখক: Alba, Víctor
বিন্যাস: গ্রন্থ
ভাষা:Undetermined
প্রকাশিত: Barcelona, España Ed. Planeta 1991
বিষয়গুলি:
ট্যাগগুলো: ট্যাগ যুক্ত করুন
কোনো ট্যাগ নেই, প্রথমজন হিসাবে ট্যাগ করুন!

MARC

LEADER 00000nam a2200000Ia 4500
008 170316s9999 xx 000 0 und d
040 |a cru BVZT 
090 |a 862 A-10o 
100 |a Alba, Víctor  |9 960 
245 |a Ocio o Placer?  |c / Víctor Alba 
260 |a Barcelona, España  |b Ed. Planeta  |c 1991 
300 |a 290 páginas 
650 |a LITERATURA ESPAÑOLA  |9 23 
999 |c 9352  |d 9352 
942 |c 15 D  |h 862 A-10o  |2 z